| 000 | 01391pam a2200373 i 4500 | ||
|---|---|---|---|
| 003 | EG-GICUC | ||
| 005 | 20260218120645.0 | ||
| 008 | 910709s1992 enk frb 001 0 eng d | ||
| 020 | _a0198257104 | ||
| 020 | _a9780198257103 | ||
| 040 |
_aDLC _cDLC _dDLC _dEG-GICUC _beng _erda |
||
| 050 | 0 | 0 |
_aK3240.4 _b.O73 1992 |
| 082 | 0 | 0 |
_a341.481 _221 |
| 092 | 0 | 4 | _221 |
| 099 | _aLaw 11 1992 | ||
| 100 | 1 | _aOraĆ”, Jaime. | |
| 245 | 1 | 0 |
_aHuman rights in states of emergency in international law / _cJaime OraĆ”. |
| 264 |
_aOxford [England] : _bClarendon Press ; _aNew York : _bOxford University Press, _c1992. |
||
| 300 |
_axxi, 288 pages ; _c24 cm. |
||
| 336 |
_atext _2rdacontent |
||
| 337 |
_aComputer _2rdamedia |
||
| 338 |
_aOnline Resource _2rdacarrier |
||
| 440 | 0 | _aOxford monographs in international law | |
| 500 | _a"Revised version of a thesis submitted in January 1990 for the degree of Doctor of Philosophy at Oxford University"--Acknowledgements. | ||
| 504 | _aIncludes bibliographical references (p. [273]-285) and index. | ||
| 650 | 0 | _aHuman rights. | |
| 650 | 0 | _aWar and emergency legislation. | |
| 650 | 0 | _aTreaties. | |
| 650 | 0 | _aInternational law. | |
| 856 | 4 | 2 | _uhttps://fll.law.cu.edu.eg/fulltext/bks/ENGB11-00158.pdf |
| 856 | 4 | 2 |
_3Publisher description _uhttp://www.loc.gov/catdir/enhancements/fy0637/91027309-d.html |
| 905 | _a10 | ||
| 942 |
_2ddc _cBK _e21 _n0 |
||
| 999 |
_c63536 _d63536 |
||